Southville International School and Colleges
Your cart is empty.
  • Cart
  • Lists
    Public lists Eva Luna New books Lux_list list_1
    Your lists Log in to create your own lists
  • Log in to your account
  • Your cookies
  • Search history
Southville International School and Colleges
  • Advanced search
  • Recent comments
  • Most popular
  • Libraries

Log in to your account

Log in with GOOGLE


If you do not have an external account, but do have a local account, you can still log in:

  1. Home
  2. MARC view: Selected short stories /
Normal view MARC view ISBD view

Selected short stories / (Record no. 20917)

[ view plain ]
MARC details
000 -LEADER
fixed length control field 00521nam a2200193 a 4500
005 - DATE AND TIME OF LATEST TRANSACTION
control field 20140310183259.0
008 - FIXED-LENGTH DATA ELEMENTS--GENERAL INFORMATION
fixed length control field 970101s19uu xx 00 eng d
020 ## - INTERNATIONAL STANDARD BOOK NUMBER
International Standard Book Number 1853261785
050 ## - LIBRARY OF CONGRESS CALL NUMBER
Classification number PR 4742
Item number .H268 1996
100 ## - MAIN ENTRY--PERSONAL NAME
Personal name Hardy, Thomas
245 ## - TITLE STATEMENT
Title Selected short stories /
Statement of responsibility, etc Thomas Hardy.
260 ## - PUBLICATION, DISTRIBUTION, ETC. (IMPRINT)
Place of publication, distribution, etc Hertfordshire :
Name of publisher, distributor, etc Wordsworth editions Ltd,
Date of publication, distribution, etc 1996.
300 ## - PHYSICAL DESCRIPTION
Extent 179 p. :
Other physical details 18 cm.
440 ## - SERIES STATEMENT/ADDED ENTRY--TITLE
Title Wordsworth Classics
650 ## - SUBJECT ADDED ENTRY--TOPICAL TERM
Topical term or geographic name as entry element Fiction
650 ## - SUBJECT ADDED ENTRY--TOPICAL TERM
Topical term or geographic name as entry element Short Stories
942 ## - ADDED ENTRY ELEMENTS (KOHA)
Koha item type Books
Source of classification or shelving scheme Library of Congress Classification
Holdings
Withdrawn status Lost status Source of classification or shelving scheme Damaged status Home library Current library Shelving location Date acquired Total Checkouts Total Renewals Full call number Barcode Date last seen Date checked out Copy number Price effective from Koha item type
    Library of Congress Classification   College Library College Library Fiction Section 11/27/2002 1 1 PR 4742 .H268 1996 C5670 06/05/2025 05/29/2025 1 10/10/2013 Books

Selected short stories /

APA

Hardy T., . (1996). Selected short stories. Hertfordshire: Wordsworth editions Ltd.

Chicago

Hardy Thomas, . 1996. Selected short stories. Hertfordshire: Wordsworth editions Ltd.

Harvard

Hardy T., . (1996). Selected short stories. Hertfordshire: Wordsworth editions Ltd.

MLA

Hardy Thomas, . Selected short stories. Hertfordshire: Wordsworth editions Ltd. 1996.

  • Place hold
  • Print
  • Cite
  • Add to your cart (remove)
  • Save record
    BIBTEX Dublin Core MARCXML MARC (non-Unicode/MARC-8) MARC (Unicode/UTF-8) MARC (Unicode/UTF-8, Standard) MODS (XML) RIS
  • More searches
    Search for this title in:
    Other Libraries (WorldCat) Other Databases (Google Scholar) Online Stores (Bookfinder.com) Open Library (openlibrary.org)

Exporting to Dublin Core...

SOUTHVILLE LIBRARY

Southville International School and Colleges Library

1281 Tropical Ave. Cor. Luxembourg St., BF Homes International, Las Pinas City

Tel. No. 8256374 / 252358 Loc. 117/146

Powered by Koha